[Event "Foment Martinenc op-C 22nd"]
[Site "Barcelona"]
[Date "2022.05.07"]
[Round "3"]
[White "Aponte Garcia, Cristian Andres"]
[Black "Uddin Khanam, Ayan"]
[Result "1/2-1/2"]
[WhiteElo "1700"]
[BlackElo "1541"]
[PlyCount "69"]
[EventDate "2022.04.23"]
[EventType "swiss"]
[EventRounds "9"]
[EventCountry "ESP"]
[SourceTitle "EXT 2023"]
[Source "ChessBase"]
[SourceDate "2022.10.05"]
[SourceVersion "1"]
[SourceVersionDate "2022.10.05"]
[SourceQuality "1"]

1. d4 d5 2. Nf3 Nf6 3. g3 Bf5 4. Bg2 e6 5. 0-0 Bd6 6. Bg5 h6 7. Bxf6 Qxf6 8. Nbd2 Nd7 9. c3 0-0 10. Re1 e5 11. e4 dxe4 12. Nxe4 Bxe4 13. Rxe4 exd4 14. Nxd4 Nc5 15. Re3 c6 16. Qg4 Rfe8 17. Rf3 Qg6 18. Qf5 Qxf5 19. Nxf5 Be5 20. Re3 Bc7 21. Rae1 Rxe3 22. Rxe3 Kf8 23. h4 Rd8 24. Bf1 Bb6 25. Rf3 Ne4 26. Ne3 Nd2 27. Rf4 Nxf1 28. Kxf1 h5 29. Nc4 Bc7 30. Rf3 Re8 31. Rd3 Re7 32. f4 g6 33. a4 a5 34. Re3 f6 35. Kg2 1/2-1/2